Familia y sucesiones enfoque actual : libro homenaje al Dr. Eduardo Moreno Dubois /

Bibliographic Details
Other Authors: Morello, Augusto Mario (Conductor), Moreno Dubois, Eduardo (pr.), Rosales Cuello, Ramiro (coord.)
Format: Unknown
Language:Spanish
Published: La Plata : Librera̕ Editora Platense, 2006
Subjects:
Online Access:Acceso restringido

MARC

LEADER 00000ny a22000003n 4500
005 20110621144734.0
008 070613 2006 ag spa
020 |a 9789505361793 
035 |a 2334 
040 |a UR  |d vLex 
090 |c 972  |d 972 
245 0 0 |a Familia y sucesiones  |h [Recurso electrn̤ico]  |b enfoque actual : libro homenaje al Dr. Eduardo Moreno Dubois /  |c director, Augusto M. Morello ; coordinador, Ramiro Rosales Cuello ; [autores] Silvana Raquel Ballarn̕ ... [et al.] 
256 |a Servicio en ln̕ea 
260 |a La Plata :  |b Librera̕ Editora Platense,   |c 2006 
300 |a 346 p. ;   |c 23 cm 
506 1 |a Contenido solo disponible en los productos indicados  |d vLex Global  |d vLex Global (Academic Edition, excluding Law Schools)  |d vLex Global (U.S. Academic Edition, Law Schools)  |d vLex Global (U.S. Academic Edition, excluding Law Schools)  |d vLex Global (Academic Edition, Law Schools) 
650 0 4 |a Familia  |x Derecho 
650 0 4 |a Herencia y sucesin̤ 
700 1 |a Morello, Augusto Mario  |e dir. 
700 1 |a Moreno Dubois, Eduardo  |e pr. 
700 1 |a Rosales Cuello, Ramiro  |e coord. 
740 0 |a vLex Libros (Servicios en ln̕ea) 
856 4 0 |z Acceso restringido  |u http://vlex.com/source/2334 
942 |c BOOK 
999 1 4 |a Derecho de familia 
999 1 4 |a Derecho sucesorio 
999 1 4 |a Homenajes F082.2 
999 1 4 |a Moreno Dubois, Eduardo